Valtiot, joilla on pisimmät rantaviivat - Statistics

Yleistilastot
  • Tätä visaa on pelattu 6 069 kertaa
  • Keskiarvotulos 16 / 20
Vastaustilastot
Pituus (km) Valtio % Oikein
137 000 Kanada
98%
73 100 Venäjä
98%
69 500 Yhdysvallat
98%
34 100 Australia
95%
18 700 Brasilia
93%
31 300 Chile
92%
15 500 Japani
90%
16 800 Kiina
90%
27 400 Norja
90%
11 000 Intia
89%
15 600 Meksiko
84%
52 500 Indonesia
81%
10 300 Uusi-Seelanti
78%
16 700 Yhdistynyt kuningaskunta
75%
12 200 Ranska
70%
48 800 Tanska (sisältää Grönlannin)
70%
6 520 Ruotsi
66%
17 300 Filippiinit
63%
9 480 Kreikka
56%
11 200 Papua-Uusi-Guinea
35%
Ehtoja vastaavia visoja ei löytynyt
Tulosjakauma
Jokaisen tuloksen saaneiden osuus
Persentiili vastausten määrän mukaan
Tuloshistoriasi
Et ole pelannut tätä visaa